Quizzes
Events
Quiz Creation
Community
Videos
Private Events
Remove Ads
Sign In
Join for FREE
Feedback
Dark Mode
Quiz Categories
Sports
Geography
Music
Movies
Television
Just For Fun
Miscellaneous
History
Literature
Language
Science
Gaming
Entertainment
Religion
Holiday
For Kids
Quiz Lab
Recent
Popular Today
Quiz Kudos Today
Editor Picks
Curator Picks
Quizzes by...
Day
Popularity
Type
Ratings
Length
Year
Community
Subscriptions
Recent Discussions
Orange Saloon
Badges
Playlists
Quests
Create
Leaderboards
Showdown
Live 5
Trivia Bingo
Activity
Puzzle Library
Sporcle Events
Private Events
Virtual Trivia
Globe League
Become a Host
Pub Owners
SporcleCon
Opinionation
Our Games
Videos
Blog
Mobile Apps
Partnerships
Remove Ads and Go Orange
Feedback
Music
Pop Music
The Beatles
Song
Album
Lyrics
Bands
Singers
Artist
Clip
Rock
Rap
Classical
Billboard
Country Music
Kpop
Taylor Swift
Music
Pop Music
The Beatles
Song
Album
Lyrics
Bands
Singers
Artist
Clip
Rock
Rap
Classical
Billboard
Country Music
Kpop
Taylor Swift
Random Quiz
Search Sporcle
×
Quiz Lab
Quiz Lab
Music
Anime
Type in answers that appear in a list
Type in answers that appear in a list
Classic
Best Score? Go Orange.
100 Anime Openings Quiz 2.0 Stats
Can you name the 100 Anime Openings Quiz 2.0
By
llamaswillbemine
20m
100 Questions
1,716 Plays
1,716 Plays
1,716 Plays
Comments
Comments
Give Quiz Kudos
Give Quiz Kudos
-
- Ratings
hide this ad
Replay
Link that replays current quiz
Next Quiz
Link to next quiz in quiz playlist
You Got
0%
They Got
Avg Score
22%
Avg Friend Score
Upgrade to see
Score Distribution
Jump to the score distribution portion of the page
Score
0/100
Timer
20:00
0
Plays Today
Time
Anime Title
% Correct
0:00-
0:07
Neon Genesis Evangelion
88.7%
1:09-
1:15
Shingeki no Kyojin
84.5%
0:31-
0:39
Mirai Nikki
80%
4:22-
4:32
Angel Beats!
70.7%
4:01-
4:08
Noragami
61.6%
3:04-
3:11
No Game No Life
61.5%
7:52-
7:59
Elfen Lied
60.4%
10:17-
10:24
Free!
52.4%
8:11-
8:17
Hunter x Hunter
50.6%
8:22-
8:28
Fate/Zero
47.7%
5:44-
5:53
Gintama
47%
0:53-
1:01
Kimi ni Todoke
45.2%
7:03-
7:07
Psycho-Pass
45%
11:09-
11:16
Ano Hi Mita Hana no Namae wo Bokutachi wa Mada Shiranai
43.2%
2:01-
2:13
Akame ga Kill!
42.5%
5:14-
5:22
Yu Yu Hakusho
42.5%
0:25-
0:31
Gosick
39.7%
4:32-
4:37
Toaru Majutsu no Index
36.6%
1:01-
1:09
Eureka Seven
36.5%
4:44-
4:53
D Gray Man
35.9%
6:11-
6:17
Higashi no Eden
35.1%
9:26-
9:35
Hyouka
32.8%
6:42-
6:50
Mushishi
32.3%
0:00-
0:25
Danshi Koukousei no Nichijou
31%
7:59-
8:06
Hataraku Maou-sama
31%
1:27-
1:32
Jigoku Shoujo
30.6%
2:38-
2:44
Date A Live
30.5%
10:36-
10:43
Lovely Complex
28.4%
3:41-
3:46
Boku wa Tomodachi ga Sukunai
27.4%
7:31-
7:38
Rurouni Kenshin
27%
8:17-
8:22
Mondaiji-tachi ga Isekai kara Kuru Sou Desu yo
25.8%
10:49-
10:56
Usagi Drop
25.5%
8:38-
8:44
Sankarea
23.7%
9:19-
9:26
Sayonara Zetsubou Sensei
23.6%
Time
Anime Title
% Correct
8:06-
8:11
Air Gear
23.4%
0:46-
0:53
Non Non Biyori
23.3%
1:21-
1:27
Sora no Otoshimono
22.7%
5:00-
5:05
Mawaru Penguindrum
21.6%
7:14-
7:20
Haiyore Nyaruko-san W
21.3%
10:24-
10:30
Mahouka Koukou no Rettousei
21.3%
8:28-
8:33
Yahari Ore no Seishun Love Comedy wa Machigatteiru
21.2%
6:00-
6:06
Black Cat
21.1%
3:11-
3:17
Bakuman 2
19.8%
7:26-
7:31
Blood +
19.8%
10:56-
11:03
Kakumeiki Valvrave
18.9%
3:46-
3:53
Jinrui wa Suitai Shimashita
18.5%
10:43-
10:49
Ben-To
18.3%
4:08-
4:15
Hitsugi no Chaika
17.9%
9:35-
9:41
Denpa Onna to Seishun Otoko
16.8%
6:24-
6:29
Zoku Natsume Yuujinchou
16.7%
2:44-
2:50
Sidonia no Kishi
15.8%
6:35-
6:42
Seto no Hanayome
15.3%
2:29-
2:38
Yumekui Merry
15.3%
9:06-
9:12
Nodame Cantabile
15.3%
7:38-
7:44
Mikakunin de Shinkoukei
15.2%
9:49-
9:56
Shinryaku Ika Musume
15%
5:53-
6:00
Gankutsuou
14.6%
2:13-
2:21
Ghost Stories
14.5%
9:12-
9:19
Hidan no Aria
14.1%
4:53-
5:00
MM!
12.9%
9:00-
9:06
Tiger and Bunny
12.5%
1:32-
1:40
Sengoku Basara
12.4%
3:29-
3:35
Sekirei
12%
3:53-
4:01
Yuru Yuri♪♪
11.9%
8:44-
8:50
True Tears
11.9%
7:20-
7:26
Skip Beat
11.7%
5:05-
5:14
Casshern Sins
11%
6:50-
6:56
Dragon Crisis
11%
Time
Anime Title
% Correct
4:15-
4:22
Genshiken
10.9%
0:14-
0:20
Kamisama no Memochou
10.8%
2:50-
2:57
Nyan Koi
10.6%
5:22-
5:30
Uchuu Senkan Yamato 2199
10.1%
10:04-
10:10
Gunslinger Girl
9.9%
1:48-
1:54
Un-Go
9.6%
10:10-
10:17
Girls und Panzer
9.4%
6:29-
6:35
Maoyuu Maou Yuusha
9.4%
5:30-
5:36
Onii-chan Dakedo Ai Sae Areba Kankeinai yo ne
9.1%
3:35-
3:41
Rail Wars!
8%
8:50-
9:00
Dantalian no Shoka
7.4%
2:57-
3:04
Love Lab
7.3%
5:36-
5:44
Hagure Yuusha no Estetica
7.3%
9:56-
10:04
Chrome Shelled Regios
6.9%
2:21-
2:29
Ichigo 100%
6.6%
9:41-
9:49
Nobunagun
6.3%
4:37-
4:44
Densetsu no Yuusha no Densetsu
6%
6:06-
6:11
Saki
5.9%
6:56-
7:03
Shigofumi
5.7%
7:44-
7:52
Rec
5.5%
6:17-
6:24
Kampfer
5.4%
0:39-
0:46
Tetsuwan Birdy Decode
5.4%
7:07-
7:14
Aiura
5%
1:40-
1:48
Namiuchigiwa no Muromi-san
4.2%
1:15-
1:21
Tower of Druaga: The Aegis of Uruk
3.9%
3:17-
3:22
Hoshizora e Kakaru Hashi
3.7%
1:54-
2:01
Pumpkin Scissors
3.5%
10:30-
10:36
Yondemasu yo Azazel-san
3.5%
8:33-
8:38
Ladies versus Butlers
2.9%
0:07-
0:14
Double-J
2.5%
11:03-
11:09
Shijou Saikyou no Deshi Kenichi
1.2%
3:22-
3:29
Hen Zemi
0.5%
Quiz Playlist
Details
Report
Send in Message
Add To Playlist
Classic:
Type in answers that appear in a list
Quiz Source
Last Updated: Jan 9, 2019
Quiz Scoreboard
CHALLENGE
Sign Up to Join the Scoreboard
Show All
Scores
Hide
Comments
May contain spoilers
Recently Published
Movies - When Are They Set?
by FPL_Elf
Movies
5m
Popular People in 1961
by mucciniale
History
6m
1-10 Letter E Words III
by El_Dandy
Language
2m
More to Explore
Quiz From the Vault
Featured Blog Post
Where Did the Easter Bunny Come From?
hide this ad
You Might Also Like...
Tags
Anime Quiz
Anime Music
Anime Theme
Today's Top Quizzes in Music
Browse Music
hide this ad
Today's Top Quizzes in Anime
Browse Anime
Top Contributed Quizzes in Music
1
Taylor Swift All Songs (2024)
2
2010s Album by Cover III
3
One Thing in Common: Music
4
Guess the Artist- 70s Songs
5
Taylor Swift Logic Puzzle
6
Guess the Taylor Swift song (Mystery Song)
7
2010s Album by Cover IV
8
2010s Album by Cover V
9
KPOP LOGIC QUIZ
10
2010s Album by Cover VI
Explore More
Trending Topics
Crossword
Disney
NBA
Harry Potter
Marvel
Kpop
Anime
Pokémon
NFL
Soccer
The Office
Puzzle
Song
WWE
Country
hide this ad
More By:
llamaswillbemine
Quiz
Plays
Rating
Category
Featured
Created
Anime Opening Quiz
6,836
4.05
Music
Nov 12, 2011
100 Anime Openings Quiz 2.0
1,716
3.42
Music
Jul 23, 2014
Go to Creator's Profile
Score Distribution
Quiz Creator Spotlight
llamaswillbemine
Follow
Send a Message
Quizzes Created
-
Created Quiz Play Count
-
More By This Creator
Popular Quizzes Today
1
Find the Countries of Europe - No Outlines Minefield
2
Find the US States - No Outlines Minefield
3
The Countries of the World
4
Popular People in 1961
5
US States
6
1-10 Letter E Words III
7
Find the US States
8
One Thing in Common: World Cities II
More Music Quizzes
Match the Animal-related song title to the K-Pop Artist
Quiz Lab
Trending Quizzes
Risky Map Clicking: Least Populous States A-Z
1-10 Letter F Words
Humor Books: The Subtitles
1-10 Letter G Words
One Thing in Common: United Kingdom
Recently Updated
Leaping Animals
pecheneg
Reality TV Shows (A-Z)
bhenderson79
Rickey Henderson's Hall of Fame Teammates
pecheneg
Champions League XIs: Arsenal
pecheneg
Quick Pick: Celebrities in WWE's Hall of Fame
aduchscher
A-Z Keypad Blitz II
pecheneg
Multiple Oscar Actors
pecheneg
Mystery Phrase Blitz: Oscar 'Best Actors'
pecheneg
F. Scott Fitzgerald Novels
LTH
Pick 3 Villains
ddd62291
Trending Topics
NBA
Harry Potter
Anime
Crossword
Disney
Marvel
Kpop
Pokémon
The Office
WWE
Country
NFL
Puzzle
Song
Soccer
Your Account Isn't Verified!
In order to create a playlist on Sporcle, you need to verify the email address you used during registration. Go to your
Sporcle Settings
to finish the process.
Report this User
Report this user for behavior that violates our
Community Guidelines
.
Details:
Send Report
Go to the Sporcle.com Mobile Site →
Comments